El derecho de las Indias Occidentales y su pervivencia en los derechos patrios de América. Actas del XVI Congreso del Instituto Internacional de Historia del Derecho Indiano (16. 2008. Santiago de Chile)

Enregistré dans:
Détails bibliographiques
Auteur principal: Guzmán Brito, Alejandro Ángel (autor)
Format: Livre
Langue:espagnol
Publié: Valparaíso, Chile Ediciones Universitarias de Valparaíso 2010
Sujets:
Tags: Ajouter un tag
Pas de tags, Soyez le premier à ajouter un tag!

MARC

LEADER 00000nam a2200000 a 4500
001 UCG3606
003 CL-VaPUC
005 20240403173752.0
008 100909e20100000cl 1 spa d
999 |c 384574  |d 384572 
020 |a 9789561704657 
040 |c Pontificia Universidad Católica de Valparaíso 
082 0 4 |a 349.8 GUZ 2010  |2 21 
100 |a Guzmán Brito, Alejandro Ángel  |e autor  |9 388 
245 1 3 |a El derecho de las Indias Occidentales y su pervivencia en los derechos patrios de América.  |b Actas del XVI Congreso del Instituto Internacional de Historia del Derecho Indiano (16. 2008. Santiago de Chile) 
260 |a Valparaíso, Chile  |b Ediciones Universitarias de Valparaíso  |c 2010 
300 |a tomos 
505 |a t.1. Fuentes y literatura de derecho indiano. t.2. Derecho patrimonial privado indiano. 
518 |p El derecho de las Indias Occidentales y su pervivencia en los derechos patrios de América, 16, Santiago de Chile, del 29 de septiembre al 2 de octubre de 2008 
536 |a Instituto Internacional de Historia del Derecho Indiano 
546 |a En Español 
583 |a last modification  |c 20130327 12:45:19  |k Rodrigo Vera 
650 0 0 |a Derecho Indiano  |9 256266 
650 0 0 |a Historia del derecho  |9 255109 
852 |a BIBCUR 
942 |c BK  |2 ddc 
945 |a dcastane  |d 20100909 00:00:00 
952 |0 0  |1 0  |2 ddc  |4 0  |6 349_800000000000000_GUZ_2010  |7 0  |8 DER_HDC  |9 507369  |a BIBDER  |b BIBDER  |d 2020-01-23  |h t.1  |i 4711971  |o 349.8 GUZ 2010  |p 4711971  |r 2023-01-25  |t 1  |w 2020-01-23  |x Ubicación 4to Piso  |y BK  |z Estos recursos deben solicitarse con anticipación  |k DER 
952 |0 0  |1 0  |2 ddc  |4 0  |6 349_800000000000000_GUZ_2010  |7 1  |8 C_LRYV  |9 507370  |a BIBDER  |b BIBDER  |d 2020-01-23  |h t.1  |i 471198K  |o 349.8 GUZ 2010  |p 471198K  |r 2023-01-25  |t 3  |w 2020-01-23  |y BK_X  |k BRV 
952 |0 0  |1 0  |2 ddc  |4 0  |6 349_800000000000000_GUZ_2010  |7 0  |8 DER_HDC  |9 507371  |a BIBDER  |b BIBDER  |d 2020-01-23  |h t.2  |i 4711998  |o 349.8 GUZ 2010  |p 4711998  |r 2023-01-25  |t 1  |w 2020-01-23  |x Ubicación 4to Piso  |y BK  |z Estos recursos deben solicitarse con anticipación  |k DER 
952 |0 0  |1 0  |2 ddc  |4 0  |6 349_800000000000000_GUZ_2010  |7 1  |8 C_LRYV  |9 507372  |a BIBDER  |b BIBDER  |d 2020-01-23  |h t.2  |i 4712005  |o 349.8 GUZ 2010  |p 4712005  |r 2023-01-25  |t 3  |w 2020-01-23  |y BK_X  |k BRV 
952 |0 0  |1 0  |2 ddc  |4 0  |6 349_800000000000000_GUZ_2010  |7 0  |8 A  |9 507373  |a BIBHIS  |b BIBHIS  |d 2020-01-23  |h t.1  |i 4717635  |o 349.8 GUZ 2010  |p 4717635  |r 2025-01-20  |t 2  |w 2020-01-23  |y BK  |k HIS 
952 |0 0  |1 0  |2 ddc  |4 0  |6 349_800000000000000_GUZ_2010  |7 0  |8 A  |9 507374  |a BIBHIS  |b BIBHIS  |d 2020-01-23  |h t.2  |i 4717643  |o 349.8 GUZ 2010  |p 4717643  |r 2025-01-20  |t 2  |w 2020-01-23  |y BK  |k HIS